Famous Six-Letter Titled Films - Statistics

General Stats
  • This quiz has been taken 45 times
  • The average score is 5 of 15
Answer Stats
Actor/ Director Answer % Correct
Olivia Newton-John Grease
85%
Ben Kingsley Gandhi
74%
James Cameron Avatar
69%
Ridley Scott Aliens
67%
George C. Scott Patton
54%
Tim Burton Batman
33%
Guy Ritchie Snatch
33%
Warwick Davis Willow
33%
Martin Scorsese Casino
18%
Tom Hanks Splash
18%
Natalie Portman Closer
13%
Robin Williams Popeye
13%
Michael Bay Island
10%
Penelope Cruz Sahara
10%
Jake Gyllenhaal Zodiac
8%
No matching quizzes found
Score Distribution
Percent of People with Each Score
Percentile by Number Answered
Your Score History
You have not taken this quiz